| 000 | 00473nam a2200169Ia 4500 | ||
|---|---|---|---|
| 008 | 151021s9999 xx 000 0 und d | ||
| 020 | _a9.7802051327e+012 | ||
| 050 | _aHM 251.K 388 1992 | ||
| 245 | _a_Social Psychology Michael C Kearl | ||
| 260 | _aBoston Allyn and Bacon 1992 | ||
| 300 | _avii,532p. | ||
| 500 | _aIncludes index | ||
| 500 | _aIncludes index | ||
| 650 | _a_social psychology | ||
| 700 | _a_Chad Gordon | ||
| 980 | _a^d20130205 02:59:39^oanne | ||
| 999 |
_c12804 _d12804 |
||